|
|
|
|
| LEADER |
00597cam a2200181 7i4500 |
| 001 |
0000048186 |
| 005 |
20200116090000.0 |
| 020 |
|
|
|a 9780857200440 (hbk.)
|
| 090 |
0 |
0 |
|a E908.3
|b .W36 2010
|
| 100 |
1 |
|
|a Woodward, Bob
|
| 245 |
1 |
0 |
|a Obama's wars
|c Bob Woodward.
|
| 260 |
|
|
|a London:
|b Simon & Schuster,
|c 2010.
|
| 300 |
|
|
|a 441 p.
|
| 500 |
|
|
|a Gift: Zainol Ahmad Resource Center
|
| 650 |
0 |
0 |
|a National security --
|x Decision making --
|z United States
|
| 650 |
0 |
0 |
|a Afghan War, 2001- --
|z United States
|
| 650 |
0 |
0 |
|a War on Terrorism, 2001-2009
|
| 999 |
|
|
|a 0000068679
|b BOK
|c OPEN SHELF
|e 1st Floor, Bestari Jaya
|